| 000 | 00491nam a2200181 a 4500 | ||
|---|---|---|---|
| 005 | 20140310183529.0 | ||
| 008 | 110819s19uu xx 00 eng d | ||
| 020 | _a9781426018572 | ||
| 050 |
_aHD 69.T54 _b.H333 2009 |
||
| 100 | _aHaynes, Elvin | ||
| 245 |
_aTime management : _bGet an extra day a week / _cElvin Haynes. |
||
| 260 |
_aUSA : _bAxzo Press, _c2009. |
||
| 300 |
_a96 p. : _c27 cm. |
||
| 521 | _aBSBA | ||
| 650 | _aTime management | ||
| 942 |
_cBK _2lcc _kFOR |
||
| 999 |
_c24583 _d24583 |
||